| 000 | 00525nam a22002057a 4500 | ||
|---|---|---|---|
| 001 | BD-DhSAU 7133 | ||
| 003 | BD-DhSAU | ||
| 005 | 20150517170543.0 | ||
| 008 | 150517b1957 nyu||||| |||| 001 0 eng d | ||
| 040 | _aBD-DhSAU | ||
| 082 |
_222 _a330.1573 _bHAA |
||
| 100 | _a Hansen, Alvin H. | ||
| 245 |
_aThe american economy / _cby Alvin H. Hansen |
||
| 260 |
_aNew york : _bMcgraw-hill , _cc1957. |
||
| 300 |
_axv, 199 p.: _c23 cm. |
||
| 504 | _aIncludes index | ||
| 590 | _aIMRAN | ||
| 650 | _aEconomics | ||
| 942 |
_2ddc _cBOOK |
||
| 999 |
_c7133 _d7133 |
||